Statistics for Women's Euro 2022

Click here to take the quiz!

General Stats

  • This quiz has been taken 43 times
  • The average score is 14 of 16

Answer Stats

Group% Correct
England
97%
Germany
97%
Sweden
97%
Netherlands
95%
Norway
95%
France
92%
Spain
92%
Italy
89%
Switzerland
89%
Austria
84%
Iceland
78%
Belgium
76%
Denmark
76%
Northern Ireland
70%
Finland
68%
Russia
65%

Score Distribution

Percentile by Number Answered

Percent of People with Each Score

Your Score History

You have not taken this quiz